000 03255cam a22007574i 4500
001 u22912
003 PE-LiUPU
005 20250731170417.0
008 150623s1988 sp a rb 000 0 spa d
020 _a8477382719
020 _a9788477382713
035 _a(Sirsi) i9788477382713
040 _aPE-LiUPU
_bspa
_cPE-LiUPU
_dPE-LiUPU
_erda
049 _aPRUA
082 0 4 _a150.72
_bA61
_221
100 1 _aAnguera Argilaga, María Teresa,
_eautor.
245 1 0 _aMétodos de investigación en psicología /
_cMaría Teresa Anguera Argilaga, [y otros cinco].
264 1 _aMadrid :
_bSíntesis,
_c1998.
300 _a606 páginas :
_bilustraciones ;
_c23 centímetros.
336 _atext
_2rdacontent
337 _aunmediated
_2rdamedia
338 _avolume
_2rdacarrier
490 0 _aSíntesis Psicología. Metodología de las Ciencias del Comportamiento ;
_v3
504 _aIncluye bibliografía.
505 0 _aFundamentos del método -- Metodología experiemntal -- Metodología cuasi-experimental -- Metodología de encuestas -- Metodología cualitativa.
526 _aSEG68
526 _aSEG70
526 _aSEG69
526 _aSEG67
526 _aSEG43
526 _aP144
526 _aP143
526 _aP131
526 _aP122
526 _aP120
526 _aP117
526 _aP112
526 _aP110
526 _aP106
526 _aP101
526 _aP80
526 _aP59
526 _aP54
526 _aP35
526 _aP33
526 _aP30
541 _g001-0039831;
596 _a1 2
650 0 4 _aPsicología
_xInvestigación.
700 1 _aArnau Gras, Jaume,
_eautor.
700 1 _aAto García, Manuel,
_eautor.
700 1 _aMartínez Árias, Rosario,
_eautor.
700 1 _aPascual Llobell, Juan,
_eautor.
700 1 _aVallejo Seco, Guillermo,
_eautor.
910 _arlm
_b
_crlm
_d20150922
942 _2ddc
_cBOOK
949 _a150.72 A61
_wDEWEY
_c1
_i46933
_d2018-3-21
_e2016-8-17
_f2018-2-8
_g2
_lCCODEBUL1
_mBUL
_n1
_p66.61
_q1
_r0
_sY
_tBOOK
_u2015-6-24
_xEDUCACION
_zUNKNOWN
_0COMPRA
_o.STAFF. Colección Ciencias de la Salud
949 _a150.008 M
_wDEWEY
_c1
_iFT02953
_lCCODEBUT1
_mBUT
_p62.19
_r0
_sY
_tBOOK
_u2015-9-22
_xSALUD
_PP33
_0COMPRA
_o.STAFF. Colección General
949 _a150.72 A61
_wDEWEY
_c2
_i75983
_d2018-3-27
_f2018-2-10
_g1
_lCCODEBUL1
_mBUL
_p66.61
_q1
_r0
_sY
_tBOOK
_u2017-6-2
_xSALUD
_PP33
_0COMPRA
_o.CIRCNOTE. Documento de alto precio.
_o.STAFF. Colección Ciencias de la Salud
994 _aC0
_bPEPRU
999 _a150.72 A61
_wDEWEY
_c23531
_i46933
_d23531
_e2016-8-17
_f2021-11-3
_g6
_lCCODEBUL1
_mBUL
_n1
_p66.61
_q2
_r0
_sY
_tBOOK
_u2015-6-24
_xSALUD
_zP33
_0COMPRA
_o.STAFF. Colección Ciencias de la Salud
999 _a150.72 A61
_wDEWEY
_c2
_i75983
_d2019-8-13
_e2018-9-7
_f2021-11-3
_g5
_lCCODEBUL1
_mBUL
_n1
_p66.61
_q3
_r0
_sY
_tBOOK
_u2017-6-2
_xSALUD
_PP33
_0COMPRA
_o.CIRCNOTE. Documento de alto precio.
_o.STAFF. Colección Ciencias de la Salud
999 _a150.008 M
_wDEWEY
_c1
_iFT02953
_f2019-2-20
_g1
_lCCODEBUT1
_mBUT
_p62.19
_r0
_sY
_tBOOK
_u2015-9-22
_xSALUD
_PP33
_0COMPRA
_o.STAFF. Colección General
980 _81
_gALBERTO SANCHEZ Responsable de Automatización